000 02351cam a22005174i 4500
003 PE-LiUPU
005 20250731184556.0
008 150625s r 000 0 d
020 _a8429315535
035 _a(Sirsi) i9788429315530
040 _aPE-LiUPU
_bspa
_cPE-LiUPU
_erda
049 _aPRUA
082 0 4 _a954.035092
_bG19
_221
100 1 _aGandhi, Mahatma,
_d1869-1948,
_eautor.
245 1 0 _aEscritos esenciales /
_cMohandas Gandhi ; edición de Nirmal Kumar Bose ; [traducción, María del Carmen Blanco Moreno y Ramón Alfonso Díez Aragón].
264 1 _aMaliaño (Cantabria) :
_bSal Terrae,
_c[2004] .
300 _a390 páginas ;
_c24 centímetros
336 _atext
_2rdacontent
337 _aunmediated
_2rdamedia
338 _avolume
_2rdacarrier
490 0 _aColección "Panorama" ;
_v8
505 0 _aDios. -Disciplina para comprender la verdad. -Creencias e ideas fundamentales. -Evangelio del trabajo. -Organización industrial: antigua y nueva. -La distribución de la riqueza. -Un capítulo sobre la lucha de clases. -El congreso en relación con las clases altas y las masas. -Autogobierno político. -La libertad de la India: métodos y medios. -No violencia. -Responsabilidad en medio de las guerras mundiales. -Liderazgo de Ghandi en la lucha nacional. -Cuando llegó la libertad. -El satyagraha. -La vida del satyagrahi. -Religión y moral. -Los problemas de la mujer. -Sobre la educación. .
526 _aP136
526 _aP135
526 _aP134
526 _aP133
526 _aP144
526 _aP143
526 _aP87
526 _aP35
526 _aP20
526 _aP14
526 _aP10
526 _aP06
600 1 _aGhandi, Mohandas Karamchand.
_d1869-1948
_xObras
650 0 4 _aDios
_xConocimiento.
650 0 4 _aNo violencia
_xAspectos religiosos.
650 0 4 _aVerdad.
700 1 _aBose, Nirmal Kumar,
_d1901-1972,
_eeditor.
942 _2ddc
_cBOOK
949 _a954.035092 G19
_wDEWEY
_c1
_i59253
_lCCODEBUL1
_mBUL
_r0
_sY
_tBOOK
_u2015-6-25
_xTEOLOGIA
_PP35
_0COMPRA
_o.STAFF. Colección General
994 _aC0
_bPEPRU
596 _a1
999 _a954.035092 G19
_wDEWEY
_c48040
_i59253
_f2021-11-12
_g5
_lCCODEBUL1
_mBUL
_r0
_sY
_tBOOK
_u2015-6-25
_xTEOLOGIA
_PP35
_0COMPRA
_o.STAFF. Colección General
_d48040
980 _81
_gALBERTO SANCHEZ Responsable de Automatización